00627 2200241 4500001002100000005001700021008004100038020002200079035002400101041000800125043001300133082001000146090002000156100002100176245006100197250001000258260003100268300002600299650001200325700001400337850001200351999002200363YOGYA-0511000000150820110525101023.0 ind  a978-979-21-2841-3 0010-051100000001507 aInd aYOPD DIY a641.5 aDep 641.5 Suw T aSUWITO, Stefanie a30 menu masakan vegancStefanie Suwito;editor,Indah Sri. acet 1 aYogyakartabKanisiusc2010 a(30) hlmbilusc24 cm aMasakan aSri,Indah aYOPDYOG aCB-D.11 2010-1336